Statistics for Indian Cities by Former Names

Click here to take the quiz!

General Stats

  • This quiz has been taken 71 times
  • The average score is 8 of 15

Answers on the Map

Answers color-coded by a green-red scale on the quiz's map according to % correct below.
 

Answer Stats

Former NameCity% Correct
BombayMumbai
95%
CalcuttaKolkata
92%
MadrasChennai
90%
BangaloreBengaluru
84%
PoonaPune
79%
CochinKochi
60%
PondicherryPuducherry
59%
BenaresVaranasi
59%
BarodaVadodara
49%
MysoreMysuru
48%
AllahabadPrayagraj
40%
CalicutKozhikode
30%
WaltairVisakhapatnam
16%
QuilonKollam
14%
SakchiJamshedpur
6%

Score Distribution

Percentile by Number Answered

Percent of People with Each Score

Your Score History

You have not taken this quiz